Quizzes
Events
Quiz Creation
Community
Videos
Private Events
Remove Ads
Sign In
Join for FREE
Feedback
Dark Mode
Quiz Categories
Sports
Geography
Music
Movies
Television
Just For Fun
Miscellaneous
History
Literature
Language
Science
Gaming
Entertainment
Religion
Holiday
For Kids
Quiz Lab
Recent
Popular Today
Quiz Kudos Today
Editor Picks
Curator Picks
Quizzes by...
Day
Popularity
Type
Ratings
Length
Year
Community
Subscriptions
Recent Discussions
Orange Saloon
Badges
Playlists
Quests
Create
Leaderboards
Showdown
Live 5
Trivia Bingo
Activity
Puzzle Library
Sporcle Events
Private Events
Virtual Trivia
Globe League
Become a Host
Pub Owners
SporcleCon
Opinionation
Our Games
Videos
Blog
Mobile Apps
Partnerships
Remove Ads and Go Orange
Feedback
Television
TV Characters
TV Show
Sitcom
Network
Friends
Reality Shows
Cast
South Park
Star Trek
The Simpsons
Doctor Who
Television
TV Characters
TV Show
Sitcom
Network
Friends
Reality Shows
Cast
South Park
Star Trek
The Simpsons
Doctor Who
Random Quiz
Search Sporcle
×
Quiz Lab
Quiz Lab
Television
Type in answers that appear in a list
Type in answers that appear in a list
Classic
Best Score? Go Orange.
Lost Episode Game Stats
Can you name the episodes of Lost in which the title is spoken in that episode?
By
abc1234
10m
43 Questions
76 Plays
76 Plays
76 Plays
Comments
Comments
Give Quiz Kudos
Give Quiz Kudos
-
- Ratings
hide this ad
Forced Order
Answers have to be entered in order
Answers have to be entered in order
Replay
Link that replays current quiz
Next Quiz
Link to next quiz in quiz playlist
You Got
0%
They Got
Avg Score
63%
Avg Friend Score
Upgrade to see
Score Distribution
Jump to the score distribution portion of the page
Score
0/43
Timer
10:00
0
Plays Today
Season
Episode
% Correct
Season 1
The Pilot
93.4%
Season 1
Walkabout
93.4%
Season 2
The Long Con
80.3%
Season 2
Orientation
78.9%
Season 1
Confidence Man
76.3%
Season 2
Dave
76.3%
Season 6
Across the Sea
75%
Season 1
Numbers
72.4%
Season 5
LaFleur
72.4%
Season 6
Everybody Loves Hugo
71.1%
Season 6
What They Died For
71.1%
Season 1
White Rabbit
67.1%
Season 5
The Variable
67.1%
Season 5
The Incident
67.1%
Season 5
This Place is Death
65.8%
Season 6
Sundown
65.8%
Season 6
Dr. Linus
65.8%
Season 1
The Moth
64.5%
Season 4
Ji Yeon
64.5%
Season 5
Because You Left
64.5%
Season 1
The Greater Good
63.2%
Season 6
Lighthouse
63.2%
Season
Episode
% Correct
Season 3
Greatest Hits
61.8%
Season 5
316
61.8%
Season 5
Namaste
61.8%
Season 5
He's Our You
61.8%
Season 2
Three Minutes
60.5%
Season 3
Every Man for Himself
60.5%
Season 4
Meet Kevin Johnson
60.5%
Season 5
Dead is Dead
59.2%
Season 2
One of Them
57.9%
Season 3
Tricia Tanaka is Dead
57.9%
Season 3
The Man from Tallahassee
56.6%
Season 3
The Brig
56.6%
Season 4
Something Nice Back Home
56.6%
Season 6
The Package
55.3%
Season 3
Enter 77
53.9%
Season 3
The Man Behind the Curtain
53.9%
Season 6
Recon
51.3%
Season 3
D.O.C.
47.4%
Season 3
Expose
46.1%
Season 2
The Whole Truth
40.8%
Season 2
Live Together Die Alone
36.8%
Quiz Playlist
Details
Report
Send in Message
Add To Playlist
Classic:
Type in answers that appear in a list
Forced Order:
Answers have to be entered in order
Quiz Source
Last Updated: Mar 15, 2017
Quiz Scoreboard
CHALLENGE
Sign Up to Join the Scoreboard
Show All
Scores
Hide
Comments
May contain spoilers
Recently Published
Decade Duel: World Leaders
by jenniferyan
History
4m
Alphabetical 'K' Countries by Flag Minefield
by ylime102
Geography
3m
Pick 6: Fruits
by JohnFran
Miscellaneous
15s
More to Explore
Quiz From the Vault
Featured Blog Post
15 Basketball Trivia Facts You Can Be March Mad About
hide this ad
You Might Also Like...
Tags
This quiz does not have any tags.
Today's Top Quizzes in Television
Browse Television
hide this ad
Top Contributed Quizzes in Television
1
Hidden Simpsons Character
2
First Name TV: Leading Men
3
Hidden Simpsons Character XXIV
4
First Name TV: Leading Women Drama
5
Hidden Simpsons Character II
6
Hidden Simpsons Character III
7
Pick A Pair: Religious TV
8
Hidden Simpsons Character XXV
9
Hidden Simpsons Character XXVI
10
The Vampire Diaries Logic Puzzle
Explore More
Trending Topics
NBA
Crossword
Kpop
Disney
Harry Potter
Anime
Marvel
Soccer
NFL
The Office
Puzzle
Song
WWE
Country
Pokémon
hide this ad
More By:
abc1234
Quiz
Plays
Rating
Category
Featured
Created
Opening Lines of Blink 182 Songs
1,411
2.50
Music
Jun 12, 2010
Lost Character Professions
355
1.86
Television
Dec 14, 2009
Lost Episode Game
76
3.50
Television
Jul 23, 2010
Go to Creator's Profile
Score Distribution
Quiz Creator Spotlight
abc1234
Follow
Send a Message
Quizzes Created
-
Created Quiz Play Count
-
More By This Creator
Popular Quizzes Today
1
Countries of Asia Without Outlines Minefield
2
Find the US States - No Outlines Minefield
3
Pick 6: Fruits
4
Alphabetical 'K' Countries by Flag Minefield
5
The Countries of the World
6
Find the Countries of Europe - No Outlines Minefield
7
Find the US States
8
US States
More Television Quizzes
Get the Picture: TV Guest Appearance
Quiz Lab
Trending Quizzes
Pick 6: Mountains
Pick 6: Harry Potter
Pick 6: Flags
Pick 6: NFL Teams
Pick 6: Movie Franchises
Recently Updated
NWSL Teams
pecheneg
Women's Final Four Teams by Year
bhenderson79
Presidents Quartet II
eogle
Anything But Clue(do)
eogle
Anything But Oceanian Capitals
eogle
Anything But 7
eogle
Anything But Thing
eogle
Word Ladder: February 29
pecheneg
Song Title Questions
pecheneg
Women's NCAA Tournament #1 Seeds
pecheneg
Trending Topics
Marvel
Crossword
NBA
Harry Potter
Anime
Kpop
Disney
The Office
Song
Country
Puzzle
WWE
NFL
Pokémon
Soccer
Your Account Isn't Verified!
In order to create a playlist on Sporcle, you need to verify the email address you used during registration. Go to your
Sporcle Settings
to finish the process.
Report this User
Report this user for behavior that violates our
Community Guidelines
.
Details:
Send Report
Go to the Sporcle.com Mobile Site →
Comments